| 000 | 00472nab a2200145Ia 4500 | ||
|---|---|---|---|
| 003 | ES-SlBCS | ||
| 005 | 20210601130912.0 | ||
| 008 | 140529s1991 xxu||||| |||| 00| 0 fre d | ||
| 041 | _afre | ||
| 100 | 1 |
_aTarragón, Jean-Michel de _919150 |
|
| 245 | 0 | 0 |
_aLa pointe de flèche inscrite des Pères Blancs de Jérusalem _c Jean-Michel de Tarragón |
| 651 | 4 |
_aJerusalén _992390 |
|
| 773 | 0 |
_tRevue Biblique Internacionale _gvol. 98, 1991, págs. 244-251 _wRev879 |
|
| 942 | _cAR | ||
| 999 |
_c554371 _d554371 |
||